000 00539nam a2200193Ia 4500
003 OSt
005 20240514151343.0
008 210210b1975 xxu||||| |||| 00| 0 eng d
040 _cAL
041 _aHindi
082 _aH891.3 THAA
100 _aTHAPLIYAL (Hariprasad).
_d हरिप्रसाद थपलियाल
_9164446
245 _aAnchal ki chaha.
_bअंचल की चाह.
260 _aDilli
_bPrabhat Prakashan
_c1975
300 _a186
690 _aHindi Fiction
_9164447
906 _a032196
942 _2ddc
_cBK
999 _c83313
_d83313